Doctor Who Episodes (2005-present) in Time Order Quiz Stats

Quiz not verified by Sporcle

Challenge
Share
Tweet
Embed
Score 0/130 Timer 20:00
0 Plays Today
Date/Time Period Episode % Correct
2005Rose
87.9%
5000000000The End of the World
84.8%
79The Fires of Pompeii
81.8%
2012Dalek
78.8%
200100The Parting of the Ways
78.8%
100000000000000Utopia
78.8%
102The Pandorica Opens
75.8%
1869The Unquiet Dead
75.8%
1987Fathers Day
75.8%
2006Aliens of London
75.8%
2006World War Three
75.8%
2012Fear Her
75.8%
42nd Century42
75.8%
200100Bad Wolf
75.8%
5000000023New Earth
75.8%
5000000053Gridlock
75.8%
1879Tooth and Claw
72.7%
1913The Family of Blood
72.7%
1926The Unicorn and the Wasp
72.7%
1930Daleks in Manhattan
72.7%
1941The Empty Child
72.7%
1941The Doctor Dances
72.7%
2007Blink
72.7%
2008Smith and Jones
72.7%
2009The End of Time Part 1
72.7%
2010The End of Time Part 2
72.7%
2013Day of the Doctor
72.7%
42nd CenturyThe Satan Pit
72.7%
18th / 51st CenturyThe Girl in the Fireplace
72.7%
Unknown (Midnight)Midnight
72.7%
Unknown (Shan Shen)Turn Left
72.7%
1913Human Nature
69.7%
2006Boom Town
69.7%
2007Rise of the Cybermen
69.7%
2007The Age of Steel
69.7%
2007The Runaway Bride
69.7%
2008The Sound of Drums
69.7%
2008Voyage of the Damned
69.7%
42nd CenturyThe Impossible Planet
69.7%
200000The Long Game
69.7%
1190Robot of Sherwood
66.7%
1599The Shakespeare Code
66.7%
1941Victory of the Daleks
66.7%
1974Hide
66.7%
Date/Time Period Episode % Correct
2006The Christmas Invasion
66.7%
2007School Reunion
66.7%
2007Love and Monsters
66.7%
2007Doomsday
66.7%
2009Last of the Timelords
66.7%
2009Partners in Crime
66.7%
2009The Sontaran Stratagem
66.7%
2009The Poison Sky
66.7%
2009The Stolen Earth
66.7%
2009Journey's End
66.7%
2009Planet of the Dead
66.7%
2059The Waters of Mars
66.7%
4126Planet of the Ood
66.7%
Unknown (Apalapuchia)The Girl Who Waited
66.7%
Unknown (Bank of Karabraxos)Time Heist
66.7%
Unknown (Bubble Universe)The Doctor's Wife
66.7%
Unknown (Trenzalore)The Name of the Doctor
66.7%
1930Evolution of the Daleks
63.6%
1938The Angels Take Manhattan
63.6%
1941The Doctor the Widow and the Wardrobe
63.6%
1953The Idiots Lantern
63.6%
2008The Lazarus Experiment
63.6%
51st CenturySilence in the Library
63.6%
51st CenturyForest of the Dead
63.6%
Unknown (Akhaten)The Rings of Akhaten
63.6%
Unknown (Christmas)The Time of the Doctor
63.6%
Unknown (Dalek Asylum)Asylum of the Daleks
63.6%
Unknown (Hedgewick's World of Wonders)Nightmare in Silver
63.6%
Unknown (Orient Express)Mummy on the Orient Express
63.6%
1699The Curse of the Black Spot
60.6%
1890Vincent and the Doctor
60.6%
1893The Crimson Horror
60.6%
1938Let's Kill Hitler
60.6%
1969The Impossible Astronaut
60.6%
1996The Eleventh Hour
60.6%
2007The Army of Ghosts
60.6%
2014The Caretaker
60.6%
2015Amy's Choice
60.6%
51st CenturyTime of the Angels
60.6%
6012The Doctors Daughter
60.6%
Unknown (The Aristotle)Into the Dalek
60.6%
9th CenturyThe Girl Who Died
57.6%
1890'sDeep Breath
57.6%
1969Day of the Moon
57.6%
Date/Time Period Episode % Correct
1996The Big Bang
57.6%
1990's / The End of the UniverseListen
57.6%
2011Night Terrors
57.6%
2012Power of Three
57.6%
2013The Bells of Saint John
57.6%
2020The Hungry Earth
57.6%
2020Cold Blood
57.6%
22nd CenturyThe Almost People
57.6%
3295The Beast Below
57.6%
44th CenturyA Christmas Carol
57.6%
51st CenturyFlesh and Stone
57.6%
1580Vampires of Venice
54.5%
1651The Woman Who Lived
54.5%
1851The Next Doctor
54.5%
2010The Lodger
54.5%
2011The Wedding of River Song
54.5%
2014Flatline
54.5%
22nd CenturyThe Rebel Flesh
54.5%
52nd CenturyA Good Man Goes to War
54.5%
Far FutureHell Bent
54.5%
Unknown (Prison Ship)The God Complex
54.5%
Unknown (Skaro)The Magicians Apprentice
54.5%
Unknown (Skaro)The Witch's Familiar
54.5%
1892The Snowmen
51.5%
1983Cold War
51.5%
2011Closing Time
51.5%
2014In the Forest of the Night
51.5%
2014Dark Water
51.5%
2014Death in Heaven
51.5%
7015Heaven Sent
51.5%
1870A Town Called Mercy
48.5%
2014Last Christmas
48.5%
2015Face the Raven
48.5%
2049Kill the Moon
48.5%
2367Dinosaurs on a Spaceship
48.5%
38th CenturySleep No More
48.5%
Unknown (TARDIS)Journey to the Center of the TARDIS
48.5%
1980Before the Flood
45.5%
2015The Zygon Invasion
45.5%
2015The Zygon Inversion
45.5%
2119Under the Lake
45.5%
5343The Husbands of River Song
45.5%

You're not logged in!

Compare scores with friends on all Sporcle quizzes.
Join for Free
OR
Log In

You Might Also Like...

Show Comments

Extras

Top Quizzes Today


Score Distribution

Your Account Isn't Verified!

In order to create a playlist on Sporcle, you need to verify the email address you used during registration. Go to your Sporcle Settings to finish the process.

Report this User

Report this user for behavior that violates our Community Guidelines.

Details: